Szczegóły MARC21

Bekenntnisse /

003 -Nazwa inst., której nr kontr. jest w polu 001 [,]
    • @
    • Nazwa instytucji, której n kontrolny jest w polu 001
    • NUKAT
005 -DATA I CZAS OSTATNIEJ MODYFIKACJI [,]
    • @
    • pole kontrolne
    • 20250710212825.0
040 -Instytucja sporządzająca opis [ , ]
    • a
    • Instytucja, która sporządziła opis (NP)
    • SZCZ U/AB
    • b
    • Język katalogowania
    • pol
    • e
    • Zasady katalogowania
    • rda
    • c
    • Instytucja, która sporządziła rekord (NP)
    • SZCZ U/ABs
041 -Język dokumentu [1, ]
    • a
    • Język tekstu (P)
    • niemiecki
    • h
    • Język tekstu oryginalnego i/lub pośredniego (P)
    • łaciński
942 -Rodzaj dokumentu [ , ]
    • c
    • Rodzaj dokumentu
    • Książka
100 -Hasło główne - nazwa osobowa [0, ]
    • a
    • Nazwa osobowa (NP)
    • Augustyn
    • c
    • Dopowiedzenie inne niż daty biograficzne (P)
    • (święty ;
    • d
    • Daty biograficzne (NP)
    • 354-430).
    • e
    • Rodzaj współpracy
    • Autor
    • 9
    • KHW
    • 17435
240 -Tytuł ujednolicony [1,0]
    • a
    • Tytuł ujednolicony
    • Confessiones
    • l
    • Język tekstu
    • (niem.)
    • 9
    • KHW
    • 646402
245 -Strefa tytułu i oznaczenia odpowiedzialności [1,0]
    • a
    • Tytuł
    • Bekenntnisse / Find
    • c
    • Pozostałe elementy strefy tytułu i oznaczenia odpowiedzialności (NP)
    • Augustin ; übertragen und engeleitet von Herman Hefele.
260 -Strefa adresu wydawniczego [ , ]
    • a
    • Miejsce wydania (P)
    • [Stuttgart] :
    • b
    • Nazwa wydawcy (P)
    • Deutscher Bücherbund,
    • c
    • Data wydania (P)
    • [około 1960].
300 -Strefa opisu fizycznego [ , ]
    • a
    • Określenie formy książki i/lub objętość (NP)
    • 373, [2] strony ;
    • c
    • Format (NP)
    • 19 cm.
336 -Typ zawartości [ , ]
    • a
    • Termin opisujący typ zawartości
    • Tekst
    • b
    • Kod określający zawartość
    • txt
    • 2
    • Źródło (terminu i kodu)
    • rdacontent
337 -Typ mediów [ , ]
    • a
    • Tryb odtwarzania
    • Bez urządzenia pośredniczącego
    • b
    • Kod typu mediów
    • n
    • 2
    • Źródło (terminu i kodu)
    • rdamedia
338 -Typ/rodzaj nośnika [ , ]
    • a
    • Hasło opisujące typ nośnika
    • Wolumin
    • b
    • Kod typu nośnika
    • nc
    • 2
    • Źródło (terminu i kodu)
    • rdacarrier
490 -Strefa serii i książki wielotomowej - forma nie do wyszukiwania [1, ]
    • a
    • Tytuł (P)
    • Diederichs Taschenausgaben ; Find
    • v
    • Numeracja (P)
    • 14
830 -Hasło dodatkowe serii i opisu książki wielotomowej - tytuł ujednolicony/tytuł [ ,0]
    • a
    • Tytuł ujednolicony/tytuł (NP)
    • Diederichs Taschenausgaben
    • v
    • Oznaczenie tomu (NP)
    • 14
    • 9
    • KHW
    • 646403
500 -Uwaga ogólna [ , ]
    • a
    • Uwaga ogólna (NP)
    • Miejsce wydania na podstawie siedziby wydawcy.
500 -Uwaga ogólna [ , ]
    • a
    • Uwaga ogólna (NP)
    • Data wydania według ZVAB.
080 -Uniwersalna Klasyfikacja Dziesiętna [ , ]
    • a
    • Symbol klasyfikacji
    • 875-4=30
080 -Uniwersalna Klasyfikacja Dziesiętna [ , ]
    • a
    • Symbol klasyfikacji
    • :1(091)Augustyn św.=30
600 -Hasło przedmiotowe w formie nazwy osobowej [0,7]
    • a
    • Nazwa osobowa
    • Augustyn
    • c
    • Dopowiedzenie
    • (święty ;
    • d
    • Daty związane z nazwą
    • 354-430)
    • v
    • Określnik formalny
    • dzienniki intymne.
    • 2
    • Źródło terminu
    • kaba
    • 9
    • KHW
    • 646654
600 -Hasło przedmiotowe w formie nazwy osobowej [0,7]
    • a
    • Nazwa osobowa
    • Augustyn
    • c
    • Dopowiedzenie
    • (święty ;
    • d
    • Daty związane z nazwą
    • 354-430).
    • t
    • Tytuł
    • Confessiones
    • 2
    • Źródło terminu
    • kaba
650 -Hasło przedmiotowe [ ,7]
    • a
    • Hasło przedmiotowe
    • Nawrócenie
    • v
    • Określnik formalny
    • medytacje.
    • 2
    • Źródło terminu
    • kaba
    • 9
    • KHW
    • 349476
650 -Hasło przedmiotowe [ ,7]
    • a
    • Hasło przedmiotowe
    • Bóg
    • x
    • Określnik rzeczowy
    • adoracja i uwielbienie
    • v
    • Określnik formalny
    • medytacje.
    • 2
    • Źródło terminu
    • kaba
    • 9
    • KHW
    • 349477
650 -Hasło przedmiotowe [ ,7]
    • a
    • Hasło przedmiotowe
    • Literatura wczesnochrześcijańska
    • x
    • Określnik rzeczowy
    • autorzy łacińscy.
    • 2
    • Źródło terminu
    • kaba
    • 9
    • KHW
    • 117520
980 -Symbol UKD [ , ]
    • a
    • UKD
    • 875-4:1(091)Augustyn św.]=30
700 -Hasło dodatkowe - nazwa osobowa [1, ]
    • a
    • Nazwa osobowa (NP)
    • Hefele, Hermann Find
    • d
    • Daty biograficzne (NP)
    • (1885-1936).
    • e
    • Określenie rodzaju współpracy
    • Tłumaczenie
    • e
    • Określenie rodzaju współpracy
    • Wstęp
    • 9
    • KHW
    • 646400
710 -Hasło dodatkowe - nazwa ciała zbiorowego [2, ]
    • a
    • Nazwa ciała zbiorowego lub nazwa geograficzna jako pierwszy element (NP)
    • Deutscher Bücherbund.
    • e
    • Rodzaj współpracy
    • Wydawca
    • 4
    • Kod relacji
    • pbl
    • 9
    • KHW
    • 495370
Sygnatura Lokalizacja Data inwentaryzacji Status udost. Numer inwentarzowy
Germ. Inne literaturyBM1995-10-17-3G.11316